Elementos de derecho natural y político (Registro nro. 19794)

Detalles MARC
000 -Cabecera
Campo de control interno 00434nam a2200181Ia 4500
005 - Fecha y hora del registro
control field 20260306172719.0
008 - Elementos de Longitud Fija
fixed length control field 260306t1979||||xx |||||||||||||| ||spa||
041 ## - Idioma
Codigo Idioma ESP
082 ## - DEWEY y NOTACIÓN INTERNA
Dewey 341.1
Notación Interna H62T
100 ## - AUTOR
Autor denominación Hobbes, Thomas,
Término de relación autor
245 #0 - TÍTULO DE MATERIAL BIBLIOGRÁFICO
Título Elementos de derecho natural y político
260 ## - CIUDAD, EDITORIAL, AÑO
Año 1979
300 ## - DESCRIPCIÓN
N° Páginas 432 páginas :
Dimensiones 18 cm.
650 ## - TEMAS
Temas Generalidades
654 ## - PROGRAMAS
Programa Dpto. de Derecho y Ciencia Política
942 ## - ELEMENTOS DE KOHA
Tipo de documento Libro
Nombre del creador Justo Noguera
Código de catalogador Justo Noguera
Esquema de clasificación Dewey Decimal Classification
Suppress in OPAC
Existencias
Codigo completo Registro Colección Copia número Disponibilidad Tipo de préstamo Biblioteca Actual Procedencia (Biblioteca) Ubicacón Fecha Ingreso Tipo de Adquisición Date last seen Total checkouts Price effective from Tipo de Item Estado del Material Fuente de Clasificación Damaged status Withdrawn status
341.1 H62T 1007003 Colección Ismodes 1 Disponible Disponible Víctor Andrés Belaunde Víctor Andrés Belaunde Primer piso 03/06/2026 Donación 06/03/2026   06/03/2026 Libro Bueno Dewey Decimal Classification